Etudes sur les moeurs religieuses et sociales de l'Extrême-Orient / (Record no. 158280)
[ view plain ]
| 000 -LEADER | |
|---|---|
| campo de control de longitud fija | 01029nam a2200229 4500 |
| 001 - NÚMERO DE CONTROL | |
| campo de control | 158280 |
| 003 - IDENTIFICADOR DE NÚMERO DE CONTROL | |
| campo de control | ES-MaACL |
| 005 - FECHA Y HORA DE LA ÚLTIMA TRANSACCIÓN | |
| campo de control | 20230906211103.0 |
| 008 - DATOS DE LONGITUD FIJA--INFORMACIÓN GENERAL | |
| campo de control de longitud fija | 950111m18851908fr |||| | fre d |
| 040 ## - FUENTE DE CATALOGACIÓN | |
| Centro catalogador/agencia de origen | EUS |
| Lengua de catalogación | spa |
| Centro/agencia transcriptor | EUS |
| 100 1# - ENTRADA PRINCIPAL--NOMBRE DE PERSONA | |
| Nombre de persona | Lyall, Alfred Comyn. |
| 9 (RLIN) | 129167 |
| 245 10 - MENCIÓN DEL TÍTULO | |
| Título | Etudes sur les moeurs religieuses et sociales de l'Extrême-Orient / |
| Mención de responsabilidad, etc. | par Alfred C. Lyall ; traduit de l'anglais avec l'autorisation de l'auteur [René de Kerallain]. |
| 260 ## - PUBLICACIÓN, DISTRIBUCIÓN, ETC. | |
| Lugar de publicación, distribución, etc. | Paris : |
| Nombre del editor, distribuidor, etc. | Ernest Thorin, |
| Fecha de publicación, distribución, etc. | 1885 ( |
| Fabricante | Imprimerie A. Chauviv et Fils : Imprimerie Bussière) |
| 300 ## - DESCRIPCIÓN FÍSICA | |
| Extensión | 3 v. ; |
| Dimensiones | 23 cm. |
| 490 1# - MENCIÓN DE SERIE | |
| Mención de serie | Bibliothèque de L'Histoire du Droit et des Institutions. 3, 16, 17 |
| 597 ## - NOTA DE DESCRIPCIÓN FÍSICA | |
| NOTA DE DESCRIPCIÓN FÍSICA | T.2 en 2 v. |
| 700 1# - ENTRADA AGREGADA--NOMBRE PERSONAL | |
| Nombre de persona | Kerallain, René de. |
| 9 (RLIN) | 128447 |
| 830 0# - PUNTO DE ACCESO ADICIONAL DE SERIE-TÍTULO UNIFORME | |
| Título uniforme | Bibliothèque de L'Histoire du Droit et des Institutions. 3, 16, 17 |
| 9 (RLIN) | 221844 |
| 852 ## - LOCALIZACIÓN | |
| Ubicación | ES-MaACL |
| Número de control de estantería | F-12728 |
| Nota libre | -- Enc. pasta española |
| condición física | -- Sólo t.I (LXIV, 534 p.) |
| Encuadernación | -- Edic.: La imprimerie A. Chauvin et fils es de Toulouse |
| Estatus retirado | Estado de pérdida | Estado de daño | No para préstamo | Colección | Biblioteca de origen | Biblioteca actual | Ubicación en estantería | Fecha de adquisición | Fuente de adquisición | Total de préstamos | Signatura topográfica completa | Código de barras | Visto por última vez | Precio de reemplazo | Tipo de ítem Koha |
|---|---|---|---|---|---|---|---|---|---|---|---|---|---|---|---|
| Libros del s. XIX | Biblioteca del Ateneo de Madrid | Biblioteca del Ateneo de Madrid | Sala Pecera Planta 2 | 17/01/2008 | F-12728 | 1165658 | 23/02/2023 | 23/02/2023 | Libro impreso antiguo |
